Idaho Cities A-Z - Statistics

General Stats
  • This quiz has been taken 76 times
    52 since last reset
  • The average score is 10 of 16
Answer Stats
Population Municipality or CDP % Correct
B 235,684 Boise
98%
I 64,818 Idaho Falls
89%
M 117,635 Meridian
89%
N 100,200 Nampa
89%
P 56,320 Pocatello
89%
T 51,807 Twin Falls
84%
C 59,996 Caldwell
82%
R 39,409 Rexburg
66%
L 34,203 Lewiston
61%
J 12,349 Jerome
57%
E 30,346 Eagle
50%
K 24,011 Kuna
50%
A 17,694 Ammon
43%
H 15,570 Hayden
41%
S 11,117 Star
32%
G 12,316 Garden City
27%
No matching quizzes found
Score Distribution
Percent of People with Each Score
Percentile by Number Answered
Your Score History
You have not taken this quiz since the last reset